| 000 | 00505nam a2200217Ia 4500 | ||
|---|---|---|---|
| 003 | 0100 | ||
| 008 | 130307s9999 xx 000 0 und d | ||
| 020 | _a0912490136 | ||
| 040 | _cARRUPELIB | ||
| 050 | _aQA248.F275 1976 | ||
| 100 | _aFang, J | ||
| 245 | 4 | _aThe Illusory infinite | |
| 245 | _ba theology of mathematics | ||
| 260 | _aMemphis | ||
| 260 | _bPaideia Press | ||
| 260 | _c1976 | ||
| 300 | _a351p. | ||
| 300 | _b26cm. | ||
| 650 | _bHausa Language-Dictionaries-English | ||
| 942 | 0 | 0 | _01 |
| 999 |
_c101611 _d101611 |
||